Efektívny vedúci

Guardado en:
Detalles Bibliográficos
Autor principal: Ilavská, Michaela (Autor)
Otros Autores: Zatrochová, Monika (Orientador)
Formato: Manuscrito Libro
Lenguaje:eslovaco
Materias:
Acceso en línea:http://is.stuba.sk/zp/portal_zp.pl?podrobnosti=83765
Etiquetas: Agregar Etiqueta
Sin Etiquetas, Sea el primero en etiquetar este registro!

MARC

LEADER 00000ntm a22000003a 4500
001 stuzp36415
003 SK-STU
005 20160229160053.6
007 ta
008 150427s2015----xo-----f-mn---000-0-slo-d
040 |a STU  |b slo 
041 0 |a slo 
100 1 |a Ilavská, Michaela  |u 902024  |4 aut  |U Ústav manažmentu STU  |T ÚM - Oddelenie manažmentu chemických a potravinárskych technológií  |X 74034  |U R2024  |Y 408  |7 74034 
242 0 1 |a Effective leaders  |y eng 
245 1 0 |a Efektívny vedúci 
650 4 |a ciele  |2 slo 
650 4 |a rozhodovanie  |2 slo 
650 4 |a tímy  |2 slo 
650 4 |a organizácia  |2 slo 
650 4 |a plánovanie  |2 slo 
650 4 |a goals  |2 eng 
650 4 |a decision-making  |2 eng 
650 4 |a teams  |2 eng 
650 4 |a organization  |2 eng 
650 4 |a planning  |2 eng 
700 1 |a Zatrochová, Monika  |4 ths  |X 1700  |7 1700 
856 4 |u http://is.stuba.sk/zp/portal_zp.pl?podrobnosti=83765 
SQL |a stuzp36415  |b DBP  |c SLO  |d Efektívny vedúci  |e 74034  |f Ilavská, Michaela  |g 902024  |h 1700  |i Zatrochová, Monika  |j 20140715  |k 104  |l 04  |m http://is.stuba.sk/zp/portal_zp.pl?podrobnosti=83765